000 00878nam a22001577a 4500
003 OSt
005 20151007101135.0
008 151007b xxu||||| |||| 00| 0 eng d
040 _cRUA
082 _aAVM MOM 2004 B074 Or.1
100 _92246
_aMOM, CHANSOTHEA.
245 _aeffect of dry sweet potato vines in concentrate on avian broiler's growth at animal station of rua ( ឥទ្ធិពលនៃការប្រើប្រាស់ទងដំឡូងជ្វាស្ងូតក្នុងចំណីផ្សំលើការលូតលាស់របស់មាន់សាច់ពូជ avian នៅក្នុងស្ថានីយ៍ចិញ្ចឹមសត្វនៃសាកលវិទ្យាល័យភូមិន្ទកសិកម្ម)
260 _aPhnom Penh
_bRUA
_c2004
300 _aviii, 51p.
_bill.
_c29cm.
942 _2ddc
_cAVM
999 _c2117
_d2117